000 01327cam a2200349 a 4500
001 16598350
003 PILC
005 20150610150500.0
008 110104s2010 nyua c 000 1 eng
010 _a 2010549563
020 _a9781423113386
040 _aDLC
_cDLC
_dDLC
042 _alcac
050 0 0 _aPZ7.R4829
_bRe 2010
082 0 0 _a[Fic]
100 1 _aRiordan, Rick.
245 1 4 _aThe red pyramid /
_cRick Riordan.
250 _a1st ed.
260 _aNew York :
_bDisney/Hyperion,
_cc2010.
300 _a516 p. :
_bill. ;
_c22 cm.
490 0 _aThe Kane chronicles ;
_vbk. 1
520 _aBrilliant Egyptologist Dr. Julius Kane accidentally unleashes the Egyptian god Set, who banishes the doctor to oblivion and forces his two children to embark on a dangerous journey, bringing them closer to the truth about their family and its links to a secret order that has existed since the time of the pharoahs.
650 1 _aAdventure and adventurers
_vFiction.
650 1 _aVoyages and travels
_vFiction.
650 1 _aMythology, Egyptian
_vFiction.
650 1 _aMagic
_vFiction.
650 1 _aBrothers and sisters
_vFiction.
650 1 _aSecrets
_vFiction.
906 _a7
_bcbc
_corignew
_d2
_encip
_f20
_gy-gencatlg
942 _2lcc
_cBK
999 _c286458
_d286458